Taylor Swift Ultimate Swiftie Quiz - Reputation Edition - Statistics

General Stats
  • This quiz has been taken 43 times
  • The average score is 4 of 6
Answer Stats
Question Answer % Correct
Which song from Reputation has the lyrics “All my flowers grew back as thorns”? Call It What You Want
96%
What show did Taylor first reveal the golden Reputation bodysuit on the Eras Tour? Miami Night 1
79%
Who is the baby voice at the start of Gorgeous? James Reynolds
75%
When was Reputation released? November 10, 2017
75%
What was Taylor Swift Reputation Stadium Tour removed from Netflix? December 30, 2023
71%
Who directed the Look What You Made Me Do music video? Joesph Kahn
42%
No matching quizzes found
Score Distribution
Percent of People with Each Score
Percentile by Number Answered
Your Score History
You have not taken this quiz